Statistics for European Country by Small City Map Quiz

Click here to take the quiz!

General Stats

  • This quiz has been taken 124 times
  • The average score is 22 of 39

Answers on the Map

Answers color-coded by a green-red scale on the quiz's map according to % correct below.
 

Answer Stats

Answer% Correct
Bath
93%
Cannes
93%
Luxembourg City
92%
Galway
89%
Pisa
88%
Reykjavik
84%
Rhodes
84%
Toledo
81%
Tromsø
80%
Weimar
77%
Lugano
74%
Klagenfurt
73%
Leuven
68%
Maribor
66%
Umeå
66%
Daugavpils
65%
Mostar
64%
Roskilde
64%
Tartu
63%
Lappeenranta
57%
Setúbal
54%
Zadar
54%
Székesfehérvár
49%
Głogów
48%
Korçë
45%
Oleksandriya
44%
Zeist
39%
Nikšić
38%
Prizreni
35%
Bălți
34%
Maladzyechna
34%
Bitola
32%
Prešov
32%
Târgoviște
32%
Alytus
26%
Pleven
22%
Čačak
21%
Zlín
19%
Gatchina
16%

Score Distribution

Percentile by Number Answered

Percent of People with Each Score

Your Score History

You have not taken this quiz